[Event "2. Bundesliga Mitte 2011/12"]
[Site "Fuerstenfeld"]
[Date "2012.04.29"]
[Round "11"]
[Board "3"]
[White "Felsberger, Alfred"]
[Black "Krebs, Johann"]
[Result "1/2-1/2"]
[WhiteElo "2361"]
[BlackElo "2284"]
[PlyCount "62"]
[EventDate "2011.10.21"]
[EventType "team"]
[EventRounds "11"]
[EventCountry "AUT"]
[WhiteTeam "Union Ansfelden"]
[BlackTeam "Strassenbahn Graz"]

1. e4 c5 2. Nc3 Nc6 3. g3 g6 4. Bg2 Bg7 5. d3 Rb8 6. Be3 d6 7. Qd2 b5 8. f4 e6
9. Nf3 b4 10. Nd1 Nd4 11. O-O Ne7 12. c3 bxc3 13. bxc3 Nxf3+ 14. Bxf3 Qa5 15.
Rf2 O-O 16. Rc1 d5 17. e5 Bd7 18. c4 Qxd2 19. Bxd2 d4 20. Re2 Bc6 21. Kg2 Rb7
22. Rc2 Rfb8 23. Nf2 Rb1 24. Bxc6 Nxc6 25. Ne4 Bf8 26. Be1 Be7 27. Kf3 Rd1 28.
Nf2 Rdb1 29. Ne4 Rd1 30. Nf2 Rdb1 31. Ne4 Rd1 1/2-1/2

[Event "2. Bundesliga Mitte 2011/12"]
[Site "Fuerstenfeld"]
[Date "2012.04.29"]
[Round "11"]
[Board "4"]
[White "Pesorda, Ivan"]
[Black "Moser, Guenter"]
[Result "1/2-1/2"]
[WhiteElo "2278"]
[BlackElo "2343"]
[PlyCount "60"]
[EventDate "2011.10.21"]
[EventType "team"]
[EventRounds "11"]
[EventCountry "AUT"]
[WhiteTeam "Strassenbahn Graz"]
[BlackTeam "Union Ansfelden"]

1. d4 d5 2. c4 e6 3. Nc3 Nf6 4. Nf3 c6 5. Bg5 Be7 6. e3 O-O 7. cxd5 exd5 8. Qc2
Nbd7 9. Bd3 Re8 10. O-O h6 11. Bh4 Ne4 12. Bxe7 Qxe7 13. Rab1 f5 14. b4 a6 15.
Nd2 Ndf6 16. Rfe1 Nxd2 17. Qxd2 Ne4 18. Qc2 Bd7 19. a4 b5 20. a5 Qf6 21. g3 h5
22. h4 Nd6 23. Ne2 g6 24. Nf4 Nc4 25. Qc3 Kg7 26. Bf1 Re7 27. Bg2 Rae8 28. Re2
Kh7 29. Rbe1 Qd6 30. Nd3 Bc8 1/2-1/2

[Event "2. Bundesliga Mitte 2011/12"]
[Site "Fuerstenfeld"]
[Date "2012.04.29"]
[Round "11"]
[Board "5"]
[White "Ennsberger, Ulrich"]
[Black "Steiner, Stefan"]
[Result "1-0"]
[WhiteElo "2373"]
[BlackElo "2272"]
[PlyCount "59"]
[EventDate "2011.10.21"]
[EventType "team"]
[EventRounds "11"]
[EventCountry "AUT"]
[WhiteTeam "Union Ansfelden"]
[BlackTeam "Strassenbahn Graz"]

1. c4 Nf6 2. g3 c5 3. Bg2 e6 4. Nf3 Be7 5. O-O O-O 6. d4 cxd4 7. Nxd4 a6 8. e4
d6 9. Nc3 Qc7 10. b3 Nbd7 11. Bb2 Rd8 12. Qe2 Ne8 13. Rad1 Bf6 14. f4 g6 15.
Kh1 Bg7 16. Rd2 Rb8 17. Rfd1 b6 18. e5 dxe5 19. Nc6 exf4 20. Nxd8 Qxd8 21. gxf4
Qc7 22. Nd5 Qc5 23. Bxg7 Kxg7 24. Nc3 Nef6 25. Ne4 Nxe4 26. Qxe4 Qc7 27. Rxd7
Bxd7 28. Qd4+ Kg8 29. Qxd7 Qxf4 30. Rf1 1-0

[Event "2. Bundesliga Mitte 2011/12"]
[Site "Fuerstenfeld"]
[Date "2012.04.29"]
[Round "11"]
[Board "1"]
[White "Haba, Petr"]
[Black "Kovacs, Gabor"]
[Result "1/2-1/2"]
[WhiteElo "2502"]
[BlackElo "2498"]
[PlyCount "65"]
[EventDate "2011.10.21"]
[EventType "team"]
[EventRounds "11"]
[EventCountry "AUT"]
[WhiteTeam "SpG. Spark. Grieskirchen/Schallerb."]
[BlackTeam "Union Styria Graz Kleine Zeitung"]

1. d4 Nf6 2. c4 e6 3. g3 Bb4+ 4. Nd2 O-O 5. Bg2 d5 6. Ngf3 Nc6 7. Qc2 Be7 8.
O-O a5 9. Rd1 Nd7 10. b3 a4 11. Bb2 Nb4 12. Qb1 axb3 13. axb3 Rxa1 14. Qxa1 b6
15. Bc3 Bb7 16. Qb2 Re8 17. Ra1 Bf8 18. Ne1 Nf6 19. e3 h6 20. Ra4 Nc6 21. b4
Qc8 22. c5 Nb8 23. Nd3 Nbd7 24. Ra1 Ne4 25. Nb3 Ba6 26. Bf1 Bb5 27. Be1 Qb7 28.
Ne5 Nxe5 29. Bxb5 Nf3+ 30. Kg2 Nxe1+ 31. Rxe1 Ra8 32. Bd3 Nf6 33. Qc2 1/2-1/2

[Event "2. Bundesliga Mitte 2011/12"]
[Site "Fuerstenfeld"]
[Date "2012.04.29"]
[Round "11"]
[Board "4"]
[White "Rogulj, Branko"]
[Black "Schwabeneder, Florian"]
[Result "1-0"]
[WhiteElo "2394"]
[BlackElo "2252"]
[PlyCount "51"]
[EventDate "2011.10.21"]
[EventType "team"]
[EventRounds "11"]
[EventCountry "AUT"]
[WhiteTeam "Union Styria Graz Kleine Zeitung"]
[BlackTeam "SpG. Spark. Grieskirchen/Schallerb."]

1. e4 e6 2. d4 d5 3. Nc3 Nc6 4. Nf3 Nf6 5. Bd3 Nb4 6. e5 Nd7 7. Bg5 Be7 8. Bxe7
Qxe7 9. Be2 a6 10. a3 Nc6 11. O-O O-O 12. Bd3 f6 13. exf6 Qxf6 14. Qd2 Nd8 15.
Rae1 c5 16. dxc5 Nxc5 17. Ne5 Nf7 18. f4 Nxe5 19. Rxe5 Bd7 20. Qe3 Rac8 21. Be2
Rfe8 22. Bg4 Qg6 23. Bh5 Qxc2 24. Bxe8 Bxe8 25. Nxd5 Kf8 26. Rc1 1-0

[Event "2. Bundesliga Mitte 2011/12"]
[Site "Fuerstenfeld"]
[Date "2012.04.29"]
[Round "11"]
[Board "5"]
[White "Obermayr, Hermann"]
[Black "Wittmann, Walter"]
[Result "0-1"]
[WhiteElo "2195"]
[BlackElo "2300"]
[PlyCount "114"]
[EventDate "2011.10.21"]
[EventType "team"]
[EventRounds "11"]
[EventCountry "AUT"]
[WhiteTeam "SpG. Spark. Grieskirchen/Schallerb."]
[BlackTeam "Union Styria Graz Kleine Zeitung"]

1. d4 Nf6 2. c4 g6 3. Nc3 Bg7 4. e4 d6 5. f4 O-O 6. Nf3 Bg4 7. Be3 Nfd7 8. Be2
Nc6 9. d5 Bxf3 10. Bxf3 Na5 11. Bd4 e5 12. dxe6 fxe6 13. Bxg7 Kxg7 14. Ne2 e5
15. Qc1 Nc6 16. O-O Nc5 17. Qd2 a5 18. b3 Qe7 19. Rae1 Rae8 20. g3 exf4 21.
Nxf4 Qe5 22. Kh1 Rf7 23. Bg2 Ref8 24. Qd5 Nb4 25. Qd2 g5 26. Nh5+ Kg6 27. Rf5
Rxf5 28. exf5+ Qxf5 29. Rf1 Qc8 30. h4 Rxf1+ 31. Bxf1 Qf5 32. Kh2 Ne4 33. Qb2
Qf2+ 34. Qxf2 Nxf2 35. Be2 Nxa2 36. Kg2 Ne4 37. Bd3 Kxh5 38. Bxe4 gxh4 39. Bxb7
hxg3 40. Kxg3 Kg5 41. Kf3 Kf5 42. Ke3 Ke5 43. Bf3 Nb4 44. Bh5 h6 45. Bg6 c6 46.
Bf7 d5 47. cxd5 cxd5 48. Bg6 Kd6 49. Kd4 Nc6+ 50. Kc3 Kc5 51. Be8 Ne5 52. Bh5
Nd7 53. Bd1 Nf6 54. Bf3 h5 55. Bg2 h4 56. Bf1 Ng4 57. Bg2 Ne5 0-1

[Event "2. Bundesliga Mitte 2011/12"]
[Site "Fuerstenfeld"]
[Date "2012.04.29"]
[Round "11"]
[Board "6"]
[White "Manhardt, Thomas"]
[Black "Schwabeneder, Alois"]
[Result "1-0"]
[WhiteElo "2148"]
[BlackElo "2066"]
[PlyCount "169"]
[EventDate "2011.10.21"]
[EventType "team"]
[EventRounds "11"]
[EventCountry "AUT"]
[WhiteTeam "Union Styria Graz Kleine Zeitung"]
[BlackTeam "SpG. Spark. Grieskirchen/Schallerb."]

1. e4 d5 2. exd5 Qxd5 3. Nc3 Qa5 4. d4 Nf6 5. Bc4 Bf5 6. Bd2 c6 7. Nd5 Qd8 8.
Nxf6+ gxf6 9. Nf3 e6 10. Qe2 Nd7 11. O-O-O Qc7 12. Nh4 Bg6 13. f4 f5 14. g4
O-O-O 15. gxf5 exf5 16. Bd3 Nf6 17. Bxf5+ Bxf5 18. Nxf5 Rd5 19. Ne3 Rxd4 20.
Bc3 Rxd1+ 21. Rxd1 Qe7 22. Qf3 Rg8 23. Qh3+ Nd7 24. Re1 Qe4 25. Rd1 Qe6 26. Nf5
Bc5 27. Qxh7 Rg6 28. Qh3 Kc7 29. Qd3 Rg2 30. h4 Rg4 31. Be5+ Kc8 32. Kb1 f6 33.
Nd6+ Bxd6 34. Bxd6 Rxh4 35. Qc3 Qxd6 36. Qe1 Qxf4 37. Qe8+ Kc7 38. Qxd7+ Kb6
39. Qd8+ Ka6 40. a3 Qe5 41. Qd3+ Kb6 42. Qb3+ Qb5 43. Qg3 Qe2 44. Re1 Rg4 45.
Qb3+ Qb5 46. Qf3 f5 47. Rf1 Re4 48. Rh1 Qd5 49. Rd1 Qe6 50. Qf2+ Ka6 51. Qf1+
b5 52. b3 Re2 53. Qg1 Qe5 54. Qg8 Qe6 55. Qd8 Re1 56. Rxe1 Qxe1+ 57. Kb2 Qe5+
58. Kb1 f4 59. Qc8+ Kb6 60. Qd8+ Kb7 61. Qd7+ Qc7 62. Qf5 Qd6 63. Kb2 Qd4+ 64.
c3 Qd2+ 65. Qc2 Qxc2+ 66. Kxc2 Kc7 67. Kd3 Kd6 68. Ke4 Kc5 69. Kxf4 a5 70. Ke4
a4 71. bxa4 Kc4 72. a5 Kc5 73. Kd3 Kd6 74. Kd4 c5+ 75. Ke4 Kc6 76. Ke5 Kb7 77.
Kd5 Ka6 78. Kxc5 Kxa5 79. Kc6 Ka6 80. Kd5 Kb6 81. Kd6 Ka5 82. Kc5 Ka6 83. Kc6
Ka5 84. Kb7 Ka4 85. Kb6 1-0